|
|
|
|
| LEADER |
00000cam a2200000 7i4500 |
| 001 |
0000325885 |
| 005 |
20250904092755.0 |
| 006 |
ao ###j ### 001 0 |
| 007 |
t |
| 008 |
250508s2012 my o j 0010 may d |
| 020 |
|
|
|a 9789674609740
|
| 040 |
|
|
|a MBPJ
|b eng
|c MBPJ
|e rda
|
| 090 |
0 |
0 |
|a 031.02
|b STE
|
| 100 |
1 |
|
|a Steele,Philip ,
|e author
|
| 245 |
1 |
0 |
|a MEMBONGKARKAN SEJARAH
|c PHILIP STEELE ; Perunding: Richard Platt ; Penterjemah Nor Idatul Akmar Zulkipli
|
| 264 |
|
1 |
|a Kuala Lumpur, Malaysia :
|b Institut Terjemahan & Buku Malaysia
|c [2024]
|
| 264 |
|
4 |
|c ©2023
|
| 336 |
|
|
|a still image
|2 rdacontent
|
| 336 |
|
|
|a text
|2 rdacontent
|
| 337 |
|
|
|a unmediated
|2 rdamedia
|
| 338 |
|
|
|a volume
|2 rdacarrier
|
| 490 |
1 |
|
|a TEROKAI DUNIA YANG MENGAGUMKAN INI
|
| 500 |
|
|
|a Includes index
|
| 650 |
0 |
0 |
|a Curiosities and wonders
|
| 650 |
0 |
0 |
|a Historic sites
|
| 650 |
0 |
0 |
|a History
|
| 700 |
1 |
|
|a Nor Idatul Akmar Zulkipli ,
|e translator
|
| 700 |
1 |
|
|a Platt,Richard ,
|e consultant
|
| 999 |
|
|
|a 00421296
|b BUKU
|c JUNIOR BOOKS
|e PERPUSTAKAAN KOMUNITI PETALING JAYA
|